000 01401cam a22003734a 4500
001 14166544
003 OSt
005 20140310181638.0
008 051109s2006 ctua b 001 0 eng
010 _a 2005032610
020 _a1593110383 (pbk.)
020 _a1593110391
020 _a9781593110383
035 _a(OCoLC)ocm62326663
040 _aDLC
_cDLC
_dBAKER
_dC#P
_dDLC
042 _apcc
043 _an-us---
050 0 0 _aLB 3060.5
_b.R87 2006
082 0 0 _aTRC 371.260
_bR91 2006
100 1 _aRussell, Michael K.,
_d1967-
_92126
245 1 0 _aTechnology and assessment :
_bthe tale of two interpretations /
_cby Michael Russell.
260 _aGreenwich, Conn. :
_bIAP, Information Age Pub. Inc.,
_cc2006.
300 _a243 p. :
_bill. ;
_c24 cm.
440 0 _aResearch methods for educational technology
_92127
521 _aFaculty
541 _j1
562 _eFor circulation. One copy is available in the collection.
650 0 _aEducational tests and measurements
_zUnited States.
_92128
650 0 _aEducational technology
_zUnited States.
_92129
856 4 1 _3Table of contents only
_uhttp://www.loc.gov/catdir/toc/ecip063/2005032610.html
906 _a7
_bcbc
_corignew
_d1
_eecip
_f20
_gy-gencatlg
942 _2lcc
_cBK-TR
_kTR
999 _c753
_d753